LEADER 01024cam0-22003131i-450- 001 990007071860403321 005 20070709123547.0 035 $a000707186 035 $aFED01000707186 035 $a(Aleph)000707186FED01 035 $a000707186 100 $a20020412d1984----km-y0itay50------ba 101 0 $aita 102 $aIT 105 $ay-------001yy 200 1 $aDescrizione dello stato antico ed attuale del contado di Molise$eopera$fdi Giuseppe Maria Galanti 210 $as.l.$cArnaldo Forni$d1984 215 $a2 T. in 1$d25 cm 225 1 $aHistoriae urbium et regionum Italiae rariores$hNuova serie II$v86 300 $aRist. fotomeccanica dell'ed. del 1781 676 $a945.719$v21$zita 700 1$aGalanti,$bGiuseppe Maria$f<1743-1806 >$036576 801 0$aIT$bUNINA$gRICA$2UNIMARC 901 $aBK 912 $a990007071860403321 952 $aCollez. 1965 (86)$b38652$fFSPBC 959 $aFSPBC 996 $aDescrizione dello stato antico ed attuale del contado di Molise$9294602 997 $aUNINA LEADER 00862nam0-2200289 --450 001 9910293559103321 005 20181203103708.0 010 $a88-7802-645-X 020 $aIT$b96-9537 100 $a20181203d1996----kmuy0itay5050 ba 101 1 $aita$cfre 102 $aIT 105 $a 001yy 200 1 $a<>fede senza nemico$ereligione e politica nelle società post-comuniste$fPatrick Michel 210 $aMilano$cGuerini e Associati$d1996 215 $a145 p.$d21 cm 225 1 $aFrontiere$v6 610 0 $aReligione e politica$aEuropa orientale$a1990-1995 676 $a322.10947$v20$zita 700 1$aMichel,$bPatrick$0143356 801 0$aIT$bUNINA$gREICAT$2UNIMARC 901 $aBK 912 $a9910293559103321 952 $aCOLLEZ. 1679 (6)$ 3024/2018$fFSPBC 959 $aFSPBC 996 $aFede senza nemico$91539672 997 $aUNINA